[Event "Rhein Main op-B 25th"]
[Site "Bad Homburg"]
[Date "2023.06.08"]
[Round "3"]
[White "Moldenhauer, Nils"]
[Black "Lochmann, Tobias"]
[Result "1-0"]
[WhiteElo "1456"]
[BlackElo "1136"]
[PlyCount "45"]
[EventDate "2023.06.07"]
[EventType "swiss"]
[EventRounds "7"]
[EventCountry "GER"]
[SourceTitle "CBM 215 Extra"]
[Source "ChessBase"]
[SourceDate "2023.09.30"]
[SourceVersion "1"]
[SourceVersionDate "2023.09.30"]
[SourceQuality "1"]

1. e4 e5 2. Nf3 Nc6 3. Bc4 Nh6 4. c3 g6 5. d4 Bg7 6. Bb3 0-0 7. 0-0 d6 8. h3 Bd7 9. Be3 Na5 10. Qd2 exd4 11. cxd4 Nxb3 12. axb3 g5 13. Bxg5 f6 14. Bxh6 Bxh6 15. Qxh6 Re8 16. Nc3 Rc8 17. Rxa7 Bc6 18. d5 Bd7 19. Rxb7 Qe7 20. Ra1 Ra8 21. Rxa8 Rxa8 22. Rxc7 Ra1+ 23. Kh2 1-0

[Event "Heusenstamm Sparkassen op-B 6th"]
[Site "Heusenstamm"]
[Date "2019.11.22"]
[Round "3"]
[White "Lochmann, Tobias"]
[Black "Bauer, Laura Sophie"]
[Result "0-1"]
[WhiteElo "1158"]
[BlackElo "1356"]
[PlyCount "60"]
[EventDate "2019.11.21"]
[EventType "swiss"]
[EventRounds "7"]
[EventCountry "GER"]
[SourceTitle "CBM 194 Extra"]
[Source "ChessBase"]
[SourceDate "2020.03.31"]
[SourceVersion "1"]
[SourceVersionDate "2020.03.31"]
[SourceQuality "1"]

1. c4 e5 2. e4 Nf6 3. Nc3 Nc6 4. Nf3 Bc5 5. g3 0-0 6. Bg2 d6 7. 0-0 Bg4 8. h3 Be6 9. Ng5 Bxc4 10. Re1 h6 11. Nf3 Re8 12. d3 Be6 13. Nd5 Nxd5 14. exd5 Bxd5 15. b3 e4 16. Nd2 Bxf2+ 17. Kxf2 Qf6+ 18. Kg1 Qxa1 19. dxe4 Qd4+ 20. Kh2 Be6 21. Qe2 Nb4 22. Nf3 Qb6 23. Rd1 Bf5 24. Nh4 Bxe4 25. Bxe4 d5 26. Qg4 Rxe4 27. Qf3 Rae8 28. Rf1 f6 29. Ng6 Re2+ 30. Qxe2 Rxe2+ 0-1

[Event "Bad Soden sim2"]
[Site "Bad Soden"]
[Date "2019.10.03"]
[Round "1.6"]
[White "Keymer, Vincent"]
[Black "Lochmann, Tobias"]
[Result "1-0"]
[WhiteElo "2506"]
[BlackElo "1199"]
[PlyCount "47"]
[EventDate "2019.10.03"]
[EventType "simul"]
[EventRounds "1"]
[EventCountry "GER"]
[SourceTitle "EXT 2021"]
[Source "ChessBase"]
[SourceDate "2020.10.23"]
[SourceVersion "1"]
[SourceVersionDate "2020.10.23"]
[SourceQuality "1"]

1. Nf3 g6 2. d4 Nf6 3. c4 Bg7 4. g3 0-0 5. Bg2 Nc6 6. 0-0 d6 7. Nc3 Bg4 8. h3 Bd7 9. e4 e5 10. d5 Nd4 11. Nxd4 exd4 12. Qxd4 Ne8 13. Qd3 Qf6 14. Be3 c6 15. dxc6 Bxc6 16. Rad1 a6 17. Bd4 d5 18. Bxf6 Bxf6 19. cxd5 Bb5 20. Nxb5 axb5 21. Qxb5 Nd6 22. Qb3 Rad8 23. f4 g5 24. e5 1-0

[Event "Wiesbaden op 31st"]
[Site "Wiesbaden"]
[Date "2019.08.25"]
[Round "6"]
[White "Lochmann, Tobias"]
[Black "Sturm, Holger"]
[Result "0-1"]
[WhiteElo "1199"]
[BlackElo "1398"]
[PlyCount "44"]
[EventDate "2019.08.22"]
[EventType "swiss"]
[EventRounds "7"]
[EventCountry "GER"]
[SourceTitle "EXT 2020"]
[Source "ChessBase"]
[SourceDate "2019.10.17"]
[SourceVersion "1"]
[SourceVersionDate "2019.10.17"]
[SourceQuality "1"]

1. c4 g6 2. Nc3 Bg7 3. Na4 Nf6 4. d3 0-0 5. g3 d6 6. Nf3 c5 7. e4 Nc6 8. Bg2 Bg4 9. 0-0 Qd7 10. h3 Bxh3 11. Bxh3 Qxh3 12. Ng5 Qd7 13. Nc3 Nd4 14. f3 h6 15. e5 hxg5 16. exf6 Bxf6 17. Nd5 Qh3 18. Re1 Qxg3+ 19. Kf1 Nxf3 20. Nxe7+ Kg7 21. Nd5 Rh8 22. Ke2 Rae8+ 0-1

[Event "Wiesbaden op 31st"]
[Site "Wiesbaden"]
[Date "2019.08.23"]
[Round "3"]
[White "Jahraus, Marlis"]
[Black "Lochmann, Tobias"]
[Result "1-0"]
[WhiteElo "1578"]
[BlackElo "1199"]
[PlyCount "35"]
[EventDate "2019.08.22"]
[EventType "swiss"]
[EventRounds "7"]
[EventCountry "GER"]
[SourceTitle "EXT 2020"]
[Source "ChessBase"]
[SourceDate "2019.10.17"]
[SourceVersion "1"]
[SourceVersionDate "2019.10.17"]
[SourceQuality "1"]

1. e4 g6 2. d4 Nf6 3. Nc3 Nc6 4. Be3 Bg7 5. Qd2 0-0 6. f3 d5 7. e5 Nd7 8. Bh6 Bxh6 9. Qxh6 Nxd4 10. 0-0-0 Nxe5 11. Rxd4 e6 12. Rh4 Re8 13. Qxh7+ Kf8 14. Qh8+ Ke7 15. Qxe5 Kd7 16. Rf4 Ke7 17. Qf6+ Kf8 18. Qxf7# 1-0

[Event "Rhein Main op-B 22nd"]
[Site "Bad Homburg"]
[Date "2019.06.21"]
[Round "4"]
[White "Sadri, Adrian"]
[Black "Lochmann, Tobias"]
[Result "0-1"]
[WhiteElo "911"]
[BlackElo "1175"]
[PlyCount "96"]
[EventDate "2019.06.19"]
[EventType "swiss"]
[EventRounds "7"]
[EventCountry "GER"]
[SourceTitle "EXT 2020"]
[Source "ChessBase"]
[SourceDate "2019.10.17"]
[SourceVersion "1"]
[SourceVersionDate "2019.10.17"]
[SourceQuality "1"]

1. e4 e5 2. Nf3 Nc6 3. Bc4 Nf6 4. Nc3 g6 5. d3 Bg7 6. Be3 0-0 7. 0-0 b6 8. d4 Qe7 9. dxe5 Nxe5 10. Nxe5 Qxe5 11. Bd4 Qe7 12. e5 Nh5 13. Re1 Bb7 14. Nb5 Qg5 15. g3 c6 16. Nd6 Rab8 17. Qf3 Qe7 18. a4 Rfe8 19. Nxe8 Qxe8 20. Qd3 c5 21. Bc3 Qc8 22. Ba6 Bh6 23. b3 Bxa6 24. Qf3 Bb7 25. Qd1 Qc6 26. f3 c4 27. Bb2 Qc5+ 28. Bd4 Qd5 29. bxc4 Qxc4 30. Bb2 Bg7 31. Re4 Bxe4 32. fxe4 Qc5+ 33. Bd4 Qe7 34. Be3 Qxe5 35. Qf1 Qxe4 36. Rc1 Qxe3+ 37. Kh1 Qe4+ 38. Kg1 Bd4+ 39. Qf2 Bxf2+ 40. Kxf2 Re8 41. Kf1 Qe2+ 42. Kg1 Qe3+ 43. Kg2 Qxc1 44. Kh3 Qf1+ 45. Kh4 Re4+ 46. Kg5 Qf6+ 47. Kh6 Qg7+ 48. Kg5 f6# 0-1

[Event "Rhein Main op-B 22nd"]
[Site "Bad Homburg"]
[Date "2019.06.20"]
[Round "3"]
[White "Lochmann, Tobias"]
[Black "Richter, Johannes"]
[Result "0-1"]
[WhiteElo "1175"]
[BlackElo "1344"]
[PlyCount "44"]
[EventDate "2019.06.19"]
[EventType "swiss"]
[EventRounds "7"]
[EventCountry "GER"]
[SourceTitle "EXT 2020"]
[Source "ChessBase"]
[SourceDate "2019.10.17"]
[SourceVersion "1"]
[SourceVersionDate "2019.10.17"]
[SourceQuality "1"]

1. e4 Nf6 2. d3 c5 3. c4 d6 4. Nc3 g6 5. g3 Bg7 6. Nf3 0-0 7. Bg2 Nc6 8. Be3 Bg4 9. 0-0 Qd7 10. h3 Bxh3 11. Bxh3 Qxh3 12. Re1 h5 13. Ng5 Qd7 14. Bf4 e5 15. Be3 Ng4 16. Qc1 Nd4 17. f3 Nxe3 18. Qxe3 Nc2 19. Qc1 Nxa1 20. Qxa1 Bh6 21. Nh3 Qxh3 22. Ne2 Be3# 0-1

[Event "Eschborn op"]
[Site "Eschborn"]
[Date "2018.10.07"]
[Round "5"]
[White "Jelinek, Tim F"]
[Black "Lochmann, Tobias"]
[Result "1-0"]
[WhiteElo "773"]
[BlackElo "840"]
[PlyCount "99"]
[EventDate "2018.10.05"]
[EventType "swiss"]
[EventRounds "5"]
[EventCountry "GER"]
[SourceTitle "CBM 187 Extra"]
[Source "ChessBase"]
[SourceDate "2018.11.04"]
[SourceVersion "1"]
[SourceVersionDate "2018.11.04"]
[SourceQuality "1"]

1. e4 e5 2. d3 g6 3. Nc3 Nf6 4. Nf3 Nc6 5. Be3 Bg7 6. Qd2 0-0 7. Be2 d6 8. 0-0 Ng4 9. Bg5 Nf6 10. Bh6 Bxh6 11. Qxh6 Re8 12. Ng5 Nd4 13. Bd1 Ne6 14. Nd5 Nxg5 15. Qxg5 Nxd5 16. Qxd8 Rxd8 17. exd5 Re8 18. Bf3 b6 19. b4 Ba6 20. Rfe1 Bb7 21. a4 Rab8 22. a5 bxa5 23. bxa5 f6 24. Rab1 f5 25. d4 exd4 26. h3 Rec8 27. a6 Bxa6 28. Rxb8 Rxb8 29. Rd1 Rb4 30. Ra1 Rb6 31. g4 fxg4 32. Bxg4 Bc4 33. Rxa7 Bxd5 34. Rxc7 Rb1+ 35. Kh2 Rh1+ 36. Kg3 Rc1 37. Rc8+ Kg7 38. Rc7+ Kh6 39. Bf3 Rg1+ 40. Kh2 Rg5 41. h4 Rf5 42. Bxd5 Rxd5 43. c4 Rf5 44. Kg3 g5 45. hxg5+ Rxg5+ 46. Kf3 Rh5 47. Rd7 Rh3+ 48. Kg2 Rc3 49. Rxd6+ Kg7 50. Rxd4 1-0

[Event "Eschborn op"]
[Site "Eschborn"]
[Date "2017.10.15"]
[Round "5"]
[White "Lochmann, Tobias"]
[Black "Bakiev, Djamshid"]
[Result "0-1"]
[WhiteElo "742"]
[BlackElo "1241"]
[PlyCount "54"]
[EventDate "2017.10.13"]
[EventType "swiss"]
[EventRounds "5"]
[EventCountry "GER"]
[SourceTitle "EXT 2019"]
[Source "ChessBase"]
[SourceDate "2018.10.10"]
[SourceVersion "1"]
[SourceVersionDate "2018.10.10"]
[SourceQuality "1"]

1. c4 Nf6 2. Nc3 e6 3. d3 d6 4. e4 e5 5. Nf3 Nc6 6. Be2 Be7 7. 0-0 0-0 8. Nd5 Nxd5 9. exd5 Nb8 10. c5 c6 11. dxc6 Nxc6 12. Bd2 dxc5 13. Qc1 h6 14. Bc3 Bf6 15. g3 b6 16. Bd2 Ba6 17. Be3 e4 18. dxe4 Bxe2 19. Re1 Bxf3 20. Bd2 Re8 21. Re3 Bxe4 22. Bc3 Bg5 23. Bd2 Bxe3 24. fxe3 Qf6 25. Qf1 Qxb2 26. Rd1 Rad8 27. Be1 Rxd1 0-1

[Event "Eschborn op"]
[Site "Eschborn"]
[Date "2017.10.14"]
[Round "1"]
[White "Janke, Christopher"]
[Black "Lochmann, Tobias"]
[Result "1-0"]
[WhiteElo "1553"]
[BlackElo "742"]
[PlyCount "31"]
[EventDate "2017.10.13"]
[EventType "swiss"]
[EventRounds "5"]
[EventCountry "GER"]
[SourceTitle "EXT 2019"]
[Source "ChessBase"]
[SourceDate "2018.10.10"]
[SourceVersion "1"]
[SourceVersionDate "2018.10.10"]
[SourceQuality "1"]

1. e4 e5 2. f4 Nc6 3. Nf3 Bc5 4. Nc3 Nf6 5. fxe5 Ng4 6. d4 Bb6 7. h3 Nh6 8. Nd5 Ba5+ 9. c3 0-0 10. Bxh6 gxh6 11. Nf6+ Kg7 12. Nh4 Nxd4 13. Qxd4 b6 14. Nf5+ Kg6 15. Qe3 Qxf6 16. Qxh6# 1-0

[Event "Rhein Main op-B 20th"]
[Site "Bad Homburg"]
[Date "2017.06.14"]
[Round "1"]
[White "Stork, Christopher"]
[Black "Lochmann, Tobias"]
[Result "1-0"]
[WhiteElo "1630"]
[BlackElo "715"]
[PlyCount "47"]
[EventDate "2017.06.14"]
[EventType "swiss"]
[EventRounds "7"]
[EventCountry "GER"]
[SourceTitle "EXT 2018"]
[Source "ChessBase"]
[SourceDate "2017.10.13"]
[SourceVersion "1"]
[SourceVersionDate "2017.10.13"]
[SourceQuality "1"]

1. e4 e5 2. Nf3 Bc5 3. Nxe5 Qe7 4. d4 Bb4+ 5. c3 Ba5 6. Bd3 Nf6 7. 0-0 d6 8. Nf3 0-0 9. Bg5 h6 10. Bxf6 Qxf6 11. Nbd2 Qg6 12. a4 Bh3 13. Nh4 Qg5 14. b4 Bb6 15. a5 Qxh4 16. gxh3 Qxh3 17. Qf3 Qc8 18. axb6 cxb6 19. e5 Qxc3 20. Bh7+ Kxh7 21. Qxc3 Nd7 22. Qc7 Rfd8 23. exd6 Nf6 24. Rxa7 1-0

[Event "Frankfurt-chB"]
[Site "Frankfurt"]
[Date "2016.05.23"]
[Round "4"]
[White "Lochmann, Tobias"]
[Black "Falk, Aniko Tim"]
[Result "0-1"]
[WhiteElo "729"]
[BlackElo "1191"]
[PlyCount "68"]
[EventDate "2016.04.25"]
[EventType "swiss"]
[EventRounds "9"]
[EventCountry "GER"]
[SourceTitle "EXT 2018"]
[Source "ChessBase"]
[SourceDate "2017.10.13"]
[SourceVersion "1"]
[SourceVersionDate "2017.10.13"]
[SourceQuality "1"]

1. c4 e5 2. Nc3 Nf6 3. d3 d5 4. e4 d4 5. Nce2 Bd7 6. b3 a5 7. Bd2 a4 8. Nc1 a3 9. Nf3 h6 10. Be2 b5 11. Nxe5 Bd6 12. Ng4 Nxg4 13. Bxg4 b4 14. Ne2 Bxg4 15. f3 Bd7 16. 0-0 c5 17. Nf4 Nc6 18. Nh5 g6 19. Nf4 Ne5 20. Nd5 Nxd3 21. f4 Be6 22. e5 Be7 23. Nf6+ Bxf6 24. exf6 Qxf6 25. Qf3 0-0 26. Qxd3 Rfe8 27. f5 Bxf5 28. Qg3 d3 29. Rad1 Qd4+ 30. Kh1 Qg4 31. Qf2 Re2 32. Qg1 Be4 33. Rf2 Rxf2 34. Qxf2 Qxd1+ 0-1

[Event "Frankfurt-chB"]
[Site "Frankfurt"]
[Date "2015.05.04"]
[Round "2"]
[White "Herwig Paeutz, Martin"]
[Black "Lochmann, Tobias"]
[Result "1-0"]
[WhiteElo "1320"]
[BlackElo "723"]
[PlyCount "49"]
[EventDate "2015.04.27"]
[EventType "swiss"]
[EventRounds "7"]
[EventCountry "GER"]
[SourceTitle "EXT 2016"]
[Source "ChessBase"]
[SourceDate "2015.10.08"]
[SourceVersion "1"]
[SourceVersionDate "2015.10.08"]
[SourceQuality "1"]

1. d4 d5 2. e4 e6 3. Nc3 Nf6 4. Bg5 Be7 5. exd5 exd5 6. Qe2 0-0 7. Nf3 Nc6 8. h3 h6 9. Bh4 Bf5 10. g4 Bh7 11. Bg2 Nb4 12. 0-0 Nxc2 13. Rac1 Nb4 14. Ne5 Nc6 15. Nxc6 bxc6 16. Rfe1 Re8 17. Na4 Bb4 18. Qxe8+ Qxe8 19. Rxe8+ Rxe8 20. Rxc6 Re1+ 21. Kh2 Ne8 22. f4 g5 23. Bxe1 gxf4 24. Bxb4 Ng7 25. Bxd5 1-0